000 00910cam a2200205 4500
001 WB3816-05
008 020430n2002 000 0 eng u
035 _a(Sirsi) u117774
245 _aNew approach needed for SMEs
260 _c2002
490 _aESRC Press Release
_v24 April 2002, (3)
520 _aResearch from the Economic and Social Research Council (ESRC) argues that government needs to change its approach to encourage the growth of small and medium-sized entreprises (SMEs). ESRC has found that many small firms do not use government's Small Business Advisory Service and would benefit more from networks based on trusted local groups. http://www.esrc.ac.uk/esrccontent/news/april02-3.asp
590 _aWB
650 _aSMES
650 _aECONOMIC AND SOCIAL RESEARCH COUNCIL
650 _aSMES
650 _aBUSINESS ADVICE
690 _aMANAGEMENT-BUSINESS MANAGEMENT
942 _n0
999 _c70125
_d70125